Search the Library Catalogue
| 000 -LEADER | |
|---|---|
| fixed length control field | 00747nam a2200229Ia 4500 |
| 008 - FIXED-LENGTH DATA ELEMENTS--GENERAL INFORMATION | |
| fixed length control field | 191130s2008##################000#0#eng## |
| 020 ## - INTERNATIONAL STANDARD BOOK NUMBER | |
| International Standard Book Number | 9780230609129 |
| 022 ## - INTERNATIONAL STANDARD SERIAL NUMBER | |
| International Standard Serial Number | 2008006209 |
| 040 ## - CATALOGING SOURCE | |
| Original cataloging agency | ACL |
| Transcribing agency | ACL |
| 082 ## - DEWEY DECIMAL CLASSIFICATION NUMBER | |
| Classification number | 650.01513 TRE |
| 100 ## - MAIN ENTRY--PERSONAL NAME | |
| Personal name | Treviño, Regina |
| 245 ## - TITLE STATEMENT | |
| Title | PreMBA analytical primer : essential quantitative concepts for business math |
| Statement of responsibility, etc. | Regina Treviño |
| 250 ## - EDITION STATEMENT | |
| Edition statement | 1st ed |
| 260 ## - PUBLICATION, DISTRIBUTION, ETC. | |
| Place of publication, distribution, etc. | Basingstoke, Hampshire |
| Name of publisher, distributor, etc. | Palgrave Macmillan |
| Date of publication, distribution, etc. | 2008 |
| 300 ## - PHYSICAL DESCRIPTION | |
| Extent | xv, 201 p. : ill. ; 24 cm. ; hpk |
| 500 ## - GENERAL NOTE | |
| General note | Includes bibliographical references (p. [197]) and index |
| 650 ## - SUBJECT ADDED ENTRY--TOPICAL TERM | |
| Topical term or geographic name entry element | Business mathematics |
| Topical term or geographic name entry element | Investments - Mathematics |
| 990 ## - EQUIVALENCES OR CROSS-REFERENCES [LOCAL, CANADA] | |
| Link information for 9XX fields | c49a21e4ac10000c74e8943acce95660 |
| 991 ## - | |
| -- | 358090 |
| Withdrawn status | Lost status | Damaged status | Not for loan | Home library | Current library | Shelving location | Date acquired | Total Checkouts | Full call number | Barcode | Date last seen | Price effective from | Koha item type |
|---|---|---|---|---|---|---|---|---|---|---|---|---|---|
| Anna Centenary Library | Anna Centenary Library | 6TH FLOOR, A WING | 09.10.2020 | 650.01513 TRE | 307204 | 09.10.2020 | 09.10.2020 | Books |